000 00728nam a2200217 a 4500
001 64959
003 BD-RjUL
005 20211209081355.0
008 170225s1974 bg ||||| |||| 00| 0 ben d
035 _a(BD-RjUL)65089
040 _aBD-RjUL
_bben
_cBD-RjUL
041 _aben
082 _223
_a891.442
_bAZN 1974
100 1 _aআজাদ, আলাউদ্দিন আল
_9126066
245 1 0 _aনরকে লাল গোলাপ /
_cআলাউদ্দিন আল আজাদ
260 _aঢাকা :
_bঢাকা প্রেস,
_c১৯৭৪
300 _a৩৬ পৃ. ;
_c২১ সেমি.
650 _aবাংলা নাটক
_9147416
650 _aBengali Drama
_9147417
942 _2ddc
_cBK
999 _c64959
_d64959